书目信息 |
| 题名: |
数学分析原理
|
|
| 作者: | 菲赫哥尔茨 著 ;吴亲仁 , 陆秀丽 译 | |
| 分册: | 第一卷 第二分册 | |
| 出版信息: | 北京 人民教育出版社 1960 |
|
| 页数: | 298-468页 | |
| 开本: | 19cm | |
| 丛书名: | ||
| 单 册: | ||
| 中图分类: | O17 , O172 | |
| 科图分类: | ||
| 主题词: | 数学分析 , 数学分析 | |
| 电子资源: | ||
| ISBN: | ||
| 000 | 00754nam0 2200265 45 | |
| 001 | 0179002140 | |
| 005 | 20060812163716.82 | |
| 010 | @dCNY0.44 | |
| 091 | @a13012.0317 | |
| 100 | @a19950726d1960 em y0chiy0121 ea | |
| 101 | 1 | @achi@ceng |
| 102 | @aCN@b110000 | |
| 105 | @ay z 000yy | |
| 200 | 10 | @a数学分析原理@Ashu xue fen xi yuan li@h第一卷 第二分册@f(美)格·马·菲赫哥尔茨著@F(Mei)Ge·Ma·FeiHe Ge Er Ci Zhu@g吴亲仁,陆秀丽译 |
| 210 | @a北京@c人民教育出版社@d1960 | |
| 215 | @a298-468页@d19cm | |
| 606 | @a数学分析 | |
| 606 | 0 | @a数学分析 |
| 690 | @aO17@v3 | |
| 690 | @aO172@v3 | |
| 701 | 0 | @a菲赫哥尔茨@4著 |
| 702 | 0 | @a吴亲仁@AWu Qin Ren@4译 |
| 702 | 0 | @a陆秀丽@ALu Xiu Li@4译 |
| 801 | 0 | @aCN@bNLC@c20060812 |
| 905 | @dO17@e86:1(2) | |
| 数学分析原理.第一卷 第二分册/(美)格·马·菲赫哥尔茨著/吴亲仁,陆秀丽译.-北京:人民教育出版社,1960 |
| 298-468页;19cm |
| ISBN :CNY0.44 |
| ● |
| 相关链接 |
|
|
|
|
正题名:数学分析原理
索取号:O17/86:1(2)
 
预约/预借
| 序号 | 登录号 | 条形码 | 馆藏地/架位号 | 状态 | 备注 |
| 1 | 0013650 | 202169508 | 密集书库/ [索取号:O17/86:1(2)] | 在馆 | |
| 2 | 0013651 | 202196060 | 密集书库/ [索取号:O17/86:1(2)] | 在馆 | |
| 3 | 0013652 | 202169456 | 密集书库/ [索取号:O17/86:1(2)] | 在馆 | |
| 4 | 0013653 | 202268599 | 密集书库/ [索取号:O17/86:1(2)] | 在馆 | |
| 5 | 0013654 | 202325297 | 密集书库/ [索取号:O17/86:1(2)] | 在馆 | |
| 6 | 0013655 | 000417533 | 第三借阅区/ [索取号:O17/86:1(2)] | 在馆 | |
| 7 | 0013656 | 202203524 | 密集书库/ [索取号:O17/86:1(2)] | 在馆 | |
| 8 | 0013657 | 202268633 | 密集书库/ [索取号:O17/86:1(2)] | 在馆 | |
| 9 | 0013658 | 202146908 | 密集书库/ [索取号:O17/86:1(2)] | 在馆 | |
| 10 | 0013659 | 202268848 | 密集书库/ [索取号:O17/86:1(2)] | 在馆 | |
| 11 | 0013660 | 202203560 | 密集书库/ [索取号:O17/86:1(2)] | 在馆 | |
| 12 | 0013661 | 202268768 | 密集书库/ [索取号:O17/86:1(2)] | 在馆 | |
| 13 | 0013662 | 202268679 | 密集书库/ [索取号:O17/86:1(2)] | 在馆 | |
| 14 | 0013663 | 202200108 | 密集书库/ [索取号:O17/86:1(2)] | 在馆 | |
| 15 | 0013664 | 202203506 | 密集书库/ [索取号:O17/86:1(2)] | 在馆 | |
| 16 | 0013665 | 202269053 | 密集书库/ [索取号:O17/86:1(2)] | 在馆 | |
| 17 | 0013666 | 202269213 | 密集书库/ [索取号:O17/86:1(2)] | 在馆 | |
| 18 | 0013667 | 202199968 | 密集书库/ [索取号:O17/86:1(2)] | 在馆 | |
| 19 | 0013668 | 202203579 | 密集书库/ [索取号:O17/86:1(2)] | 在馆 | |
| 20 | 0013669 | 202268474 | 密集书库/ [索取号:O17/86:1(2)] | 在馆 | |
| 21 | 0013670 | 202269179 | 密集书库/ [索取号:O17/86:1(2)] | 在馆 | |
| 22 | 0013671 | 202202311 | 密集书库/ [索取号:O17/86:1(2)] | 在馆 | |
| 23 | 0013672 | 000417560 | 第三借阅区/ [索取号:O17/86:1(2)] | 在馆 | |
| 24 | 0013673 | 202268517 | 密集书库/ [索取号:O17/86:1(2)] | 在馆 | |
| 25 | 0013674 | 202268553 | 密集书库/ [索取号:O17/86:1(2)] | 在馆 | |
| 26 | 0013675 | 202269240 | 密集书库/ [索取号:O17/86:1(2)] | 在馆 | |
| 27 | 0013676 | 202268802 | 密集书库/ [索取号:O17/86:1(2)] | 在馆 | |
| 28 | 0013677 | 202203588 | 密集书库/ [索取号:O17/86:1(2)] | 在馆 | |
| 29 | 0013678 | 202269133 | 密集书库/ [索取号:O17/86:1(2)] | 在馆 | |
| 30 | 0013679 | 202269259 | 密集书库/ [索取号:O17/86:1(2)] | 在馆 | |
| 31 | 0430111 | 204301111 | 密集书库/ [索取号:O17/86:1(2)] | 在馆 | |
| 32 | 0430112 | 204301120 | 密集书库/ [索取号:O17/86:1(2)] | 在馆 | |
| 33 | 0454530 | 204545304 | 密集书库/ [索取号:O17/86:1(2)] | 在馆 | |
| 34 | 0454531 | 204545313 | 密集书库/ [索取号:O17/86:1(2)] | 在馆 | |
| 35 | 0454532 | 204545322 | 密集书库/ [索取号:O17/86:1(2)] | 在馆 | |
| 36 | 0454857 | 204548579 | 密集书库/ [索取号:O17/86:1(2)] | 在馆 | |
| 37 | 0454858 | 204548588 | 密集书库/ [索取号:O17/86:1(2)] | 在馆 | |
| 38 | 0454859 | 204548597 | 密集书库/ [索取号:O17/86:1(2)] | 在馆 |